000 00524cam a22002171 4500
001 sa 65002480
003 DLC
005 20260227112117.0
008 890626s1962 pk 000 0 urdr
010 _asa 65002480
035 _a(OCoLC)19925674
040 _aDLC
_cWaU
_dDLC
042 _apremarc
050 0 0 _aPK2200.C5
_bG35
100 1 _aChandar, Krishan.
245 1 0 _aGārjang, jangal kā rājah.
260 _c[1962]
300 _a122 p.
_c18 cm.
500 _aIn Urdu.
500 _aText partially vocalized.
999 _c62662
_d62662